000 00997cab a2200253 4500
001 WB3046-23
008 090401t1994 xxu||||| |||| 00| 0 eng d
035 _a(Sirsi) u23488
041 _aeng
245 _aRent review
260 _c1994
350 _a0
490 _aEstates Gazette Case Summaries
_v1994 EGCS 192 (3/12/94)
520 _a"Iperion Investments Corporation v Broadwalk House Residents Ltd" CA 23 November 1994 held that the landlord`s incurred costs from a forfeiture claim are recoverable through service charges. CA exercised discretion under Landlord and Tenant Act 1985 s20C in excluding costs when calculating share of service charge payable by plaintiff.
650 _aCOSTS
650 _aLANDLORD AND TENANT ACT 1985 S20
650 _aLEASES
650 _aRECOVERABILITY
650 _aSERVICE CHARGES
650 _aIPERION INVESTMENTS V BROADWALK HOUSE RESIDENTS
690 _aLANDLORD AND TENANT-CASE LAW-RENT REVIEWS
942 _n0
948 _c04/03/1997
999 _c15697
_d15697